000 00975nam a22002297a 4500
999 _c18347
_d18347
003 AR-CdUCM
008 190404b ||||| |||| 00| 0 spa d
040 _aMUNICIPALIDAD PROVINCIAL DEL CUSCO
_cBIBLIOTECA MUNICIPAL DEL CUSCO
082 _a370.82 /
_bS77
_22ed.
100 _aSpranger, Eduard
_938869
245 _aLas ciencias del espíritu y la escuela /
260 _aBuenos Aires :
_bLosada,
_c1942.
300 _a176 páginas ;
_c19 cm.
440 _aBiblioteca del maestro ;
_n9
_928903
505 _aContenido: La pedagogía de Eduardo Spranger, por Juan Roura -- Las ciencias del espíritu y la escuela -- La significación de la pedagogía científica para la vida del pueblo -- Formación básica, formación profesional y formación general.
650 _aPedagogía
_91560
650 _aEspíritu y alma
_928904
650 _aCiencias sociales
_91096
700 _aRoura y parella, Juan (traductor)
_938870
942 _2ddc
_cLIBROS
945 _aacv
_d2019-05-13